Tribhuvan University Central Library

Investigation of micromechanical properties and strain sensing behavior of electrically cinducting and piezoresistive flexible copolyester/ carban nanotubes nanocomposities. (Record no. 109685)

MARC details
000 -LEADER
fixed length control field 00654nam a22001697a 4500
008 - FIXED-LENGTH DATA ELEMENTS--GENERAL INFORMATION
fixed length control field 230618b |||||||| |||| 00| 0 eng d
082 ## - DEWEY DECIMAL CLASSIFICATION NUMBER
Classification number 543.23/D149i
100 ## - MAIN ENTRY--PERSONAL NAME
Personal name Dhakal, Kedar Nath
245 ## - TITLE STATEMENT
Title Investigation of micromechanical properties and strain sensing behavior of electrically cinducting and piezoresistive flexible copolyester/ carban nanotubes nanocomposities.
260 ## - PUBLICATION, DISTRIBUTION, ETC.
Place of publication, distribution, etc. Kathmandu:
Name of publisher, distributor, etc. Institute of Science and Technology,
Date of publication, distribution, etc. 2022
300 ## - PHYSICAL DESCRIPTION
Other physical details xviii, 132p.; illus.
502 ## - DISSERTATION NOTE
Dissertation note Thesis ( Ph.D. in Chemistry), TU
504 ## - BIBLIOGRAPHY, ETC. NOTE
Bibliography, etc. note Bibliography: p.106-132
650 ## - SUBJECT ADDED ENTRY--TOPICAL TERM
Topical term or geographic name entry element Thermal Analysis
650 ## - SUBJECT ADDED ENTRY--TOPICAL TERM
Topical term or geographic name entry element Thermal Techniques
942 ## - ADDED ENTRY ELEMENTS (KOHA)
Source of classification or shelving scheme Dewey Decimal Classification
Koha item type Theses and Dissertations
Holdings
Withdrawn status Lost status Source of classification or shelving scheme Damaged status Not for loan Home library Current library Date acquired Total Checkouts Full call number Barcode Date last seen Price effective from Koha item type
    Dewey Decimal Classification     Tribhuvan University Central Library Tribhuvan University Central Library 06/18/2023   543.23/D149i D14449 06/18/2023 06/18/2023 Theses and Dissertations